Michèle Virol, Au cœur des querelles politiques et religieuses sous Louis XIV. Vincent Ragot de Beaumont, Mont-Saint-Aignan, Presses universitaires de Rouen et du Havre, 2013, 286 p.- xviii p. de pl. en coul., 24 x 15,5 cm. (notice n° 1600658)
[ vue normale ]
| 000 -LEADER | |
|---|---|
| fixed length control field | 00663cam a2200145 4500500 |
| 005 - DATE AND TIME OF LATEST TRANSACTION | |
| control field | 20251228083130.0 |
| 041 ## - LANGUAGE CODE | |
| Language code of text/sound track or separate title | fre |
| 042 ## - AUTHENTICATION CODE | |
| Authentication code | dc |
| 100 10 - MAIN ENTRY--PERSONAL NAME | |
| Personal name | Quantin, Jean-Louis |
| Relator term | author |
| 245 00 - TITLE STATEMENT | |
| Title | Michèle Virol, Au cœur des querelles politiques et religieuses sous Louis XIV. Vincent Ragot de Beaumont, Mont-Saint-Aignan, Presses universitaires de Rouen et du Havre, 2013, 286 p.- xviii p. de pl. en coul., 24 x 15,5 cm. |
| 260 ## - PUBLICATION, DISTRIBUTION, ETC. | |
| Date of publication, distribution, etc. | 2015.<br/> |
| 500 ## - GENERAL NOTE | |
| General note | 96 |
| 786 0# - DATA SOURCE ENTRY | |
| Note | Dix-septième siècle | 267 | 2 | 2015-04-09 | p. 367b-376b | 0012-4273 |
| 856 41 - ELECTRONIC LOCATION AND ACCESS | |
| Uniform Resource Identifier | <a href="https://shs.cairn.info/revue-dix-septieme-siecle-2015-2-page-367b?lang=fr&redirect-ssocas=7080">https://shs.cairn.info/revue-dix-septieme-siecle-2015-2-page-367b?lang=fr&redirect-ssocas=7080</a> |
Pas d'exemplaire disponible.




Réseaux sociaux